Information system for modern management / (Record no. 11102)
[ view plain ]
| 000 -LEADER | |
|---|---|
| fixed length control field | 00566cam a2200205ua 4500 |
| 020 ## - INTERNATIONAL STANDARD BOOK NUMBER | |
| ISBN | 81 203 0397 0 |
| 041 ## - LANGUAGE CODE | |
| Language code of text/sound track or separate title | eng |
| 082 ## - DEWEY DECIMAL CLASSIFICATION NUMBER | |
| Classification number | 651.7 |
| Item number | MUR/IN |
| 100 ## - MAIN ENTRY--AUTHOR NAME | |
| Personal name | Murdick, Robert G . |
| 245 ## - TITLE STATEMENT | |
| Title | Information system for modern management / |
| 250 ## - EDITION STATEMENT | |
| Edition statement | 3 / |
| 260 ## - PUBLICATION, DISTRIBUTION, ETC. (IMPRINT) | |
| Place of publication | New Delhi : |
| Name of publisher | Prentice Hall of India Pvt Ltd. , |
| Year of publication | 2000. |
| 300 ## - PHYSICAL DESCRIPTION | |
| Number of Pages | 466 ; . |
| 700 1# - ADDED ENTRY--PERSONAL NAME | |
| Personal name | Claggett, James R . |
| 700 1# - ADDED ENTRY--PERSONAL NAME | |
| Personal name | Ross, Joel E . |
| 942 ## - ADDED ENTRY ELEMENTS (KOHA) | |
| Koha item type | Books |
| Withdrawn status | Lost status | Damaged status | Home library | Current library | Date acquired | Full call number | Accession Number | Koha item type |
|---|---|---|---|---|---|---|---|---|
| KAUAET | KAUAET | 07/04/2012 | 651.7 | 20476 | Books |
